| 000 | 00414nam a2200157 i 4500 | ||
|---|---|---|---|
| 001 | 35788 | ||
| 003 | ES-MaACL | ||
| 005 | 20230906155220.0 | ||
| 007 | t| | ||
| 008 | 030214s1931 sp ||||1| spa d | ||
| 100 | 1 |
_aBozzo, Antonio. _931220 |
|
| 245 | 1 | 0 |
_aProteccionismo y libre cambio / _cAntonio Bozzo. |
| 260 |
_aBarcelona : _bAngepes 20, _c1931. |
||
| 300 |
_a38 p. ; _c22 cm. |
||
| 852 |
_aES-MaACL _j1751-F-26 |
||
| 999 |
_c35788 _d35788 |
||